000 00636nam a2200217Ia 4500
005 20250508164624.0
008 008 250505s9999 xx 000 0 eng d
037 _aTextual
040 _aFEDL
_beng
_cFEDL
041 _aeng
_2eng
084 _a507, UNE
_qFEDL
245 0 _aValues and ethics and the science and technology curriculum
245 0 _cUNESCO
260 _aBangkok, Thailand
_bUNESCO Regional Office for Education in Asia and the Pacific
_c1991
300 _a116p.
365 _aUSD
_b3.5
546 _aMACESE
650 _aScience education
942 _cTEXL
_h507, UNE
999 _c1390186
_d1390186